[Event "HUN-chT2 Charousek 1819"]
[Site "Hungary"]
[Date "2019.02.10"]
[Round "7.6"]
[White "Sardy, Peter"]
[Black "Berta, Tibor"]
[Result "1-0"]
[WhiteElo "2329"]
[BlackElo "2068"]
[PlyCount "87"]
[EventDate "2018.09.23"]
[EventType "team-tourn"]
[EventRounds "11"]
[EventCountry "HUN"]
[SourceTitle "CBM 189 Extra"]
[Source "ChessBase"]
[SourceDate "2019.05.31"]
[SourceVersion "1"]
[SourceVersionDate "2019.05.31"]
[SourceQuality "1"]
[WhiteTeam "Haladas Szombathely II"]
[BlackTeam "Paks ASE II"]
[WhiteTeamCountry "HUN"]
[BlackTeamCountry "HUN"]

1. e4 Nf6 2. e5 Nd5 3. c4 Nb6 4. d4 d6 5. exd6 cxd6 6. Nc3 g6 7. Be3 Bg7 8. Rc1 0-0 9. b3 Nc6 10. Qd2 Re8 11. Nf3 Bg4 12. Be2 d5 13. c5 Nc8 14. 0-0 e6 15. b4 a6 16. a3 N8e7 17. Nh4 Bxe2 18. Nxe2 Bf6 19. Nf3 Nf5 20. Bf4 h5 21. Rfe1 Rc8 22. h3 h4 23. Ne5 Nxe5 24. dxe5 Be7 25. Nd4 Nxd4 26. Qxd4 Bg5 27. Bxg5 Qxg5 28. a4 Kg7 29. b5 axb5 30. axb5 f6 31. Rc3 f5 32. Rb1 Qe7 33. c6 bxc6 34. Rxc6 Rb8 35. b6 Rb7 36. Rbc1 Rd8 37. Rc7 Rd7 38. Rxb7 Rxb7 39. Rc6 Kf7 40. Qc3 Qd7 41. Qc5 g5 42. Rc8 g4 43. Qf8+ Kg6 44. Qf6+ 1-0

[Event "HUN-chT2 Charousek 1819"]
[Site "Hungary"]
[Date "2018.11.18"]
[Round "4.6"]
[White "Voros, Gellert"]
[Black "Sardy, Peter"]
[Result "1/2-1/2"]
[WhiteElo "2103"]
[BlackElo "2329"]
[PlyCount "39"]
[EventDate "2018.09.23"]
[EventType "team-tourn"]
[EventRounds "11"]
[EventCountry "HUN"]
[SourceTitle "CBM 189 Extra"]
[Source "ChessBase"]
[SourceDate "2019.05.31"]
[SourceVersion "1"]
[SourceVersionDate "2019.05.31"]
[SourceQuality "1"]
[WhiteTeam "Gyor Szechenyi"]
[BlackTeam "Haladas Szombathely II"]
[WhiteTeamCountry "HUN"]
[BlackTeamCountry "HUN"]

1. e4 c5 2. c3 d6 3. d4 Nf6 4. Bd3 g6 5. Nf3 Bg7 6. 0-0 0-0 7. Re1 Nc6 8. e5 dxe5 9. dxe5 Nd5 10. h3 Be6 11. a3 Qc7 12. Qe2 Rad8 13. Bc2 c4 14. a4 Nb6 15. Bf4 Na5 16. Nd4 Bd5 17. Nd2 a6 18. Qe3 e6 19. Bg5 Rde8 20. Bh6 1/2-1/2

[Event "Balatonalmadi Pannonia Cup 23th"]
[Site "Balatonalmadi"]
[Date "2018.07.21"]
[Round "5"]
[White "Forgacs, Attila"]
[Black "Sardy, Peter"]
[Result "0-1"]
[WhiteElo "2121"]
[BlackElo "2326"]
[PlyCount "86"]
[EventDate "2018.07.18"]
[EventType "swiss"]
[EventRounds "7"]
[EventCountry "HUN"]
[SourceTitle "EXT 2025"]
[Source "ChessBase"]
[SourceDate "2024.10.14"]
[SourceVersion "1"]
[SourceVersionDate "2024.10.14"]
[SourceQuality "1"]

1. e4 c5 2. Nf3 e6 3. d4 cxd4 4. Nxd4 a6 5. c4 Nf6 6. Nc3 Bb4 7. Bd3 Qc7 8. 0-0 Nc6 9. Nxc6 dxc6 10. Be3 Bxc3 11. bxc3 e5 12. h3 0-0 13. f4 c5 14. Qf3 Nd7 15. f5 a5 16. g4 Ra6 17. g5 Rd6 18. Rad1 b6 19. Bc2 Rxd1 20. Rxd1 Qc6 21. h4 Ba6 22. Bd3 Rc8 23. Kf2 Qa4 24. Be2 Nf8 25. Rd6 Bxc4 26. Bxc4 Qxc4 27. Rxb6 Qxa2+ 28. Kg3 Rd8 29. Bxc5 Qc4 30. Rd6 Rc8 31. Ba3 Qxc3 32. Rd3 Qc4 33. h5 a4 34. Bd6 Nd7 35. h6 f6 36. hxg7 Kxg7 37. gxf6+ Kxf6 38. Ba3 Rg8+ 39. Kh4 Nc5 40. Rd6+ Kg7 41. Bxc5 Qxc5 42. Rd1 Kh8 43. Qh5 Qf2+ 0-1

[Event "Balatonalmadi Pannonia Cup 23th"]
[Site "Balatonalmadi"]
[Date "2018.07.20"]
[Round "4"]
[White "Sardy, Peter"]
[Black "Horvath, Balazs"]
[Result "1/2-1/2"]
[WhiteElo "2326"]
[BlackElo "2088"]
[PlyCount "33"]
[EventDate "2018.07.18"]
[EventType "swiss"]
[EventRounds "7"]
[EventCountry "HUN"]
[SourceTitle "EXT 2025"]
[Source "ChessBase"]
[SourceDate "2024.10.14"]
[SourceVersion "1"]
[SourceVersionDate "2024.10.14"]
[SourceQuality "1"]

1. g3 Nf6 2. Bg2 g6 3. b3 Bg7 4. Bb2 d5 5. Nf3 0-0 6. 0-0 c5 7. d3 Nc6 8. Ne5 Qc7 9. Nxc6 bxc6 10. Nd2 e5 11. e4 Be6 12. Qe2 Nd7 13. Nf3 h6 14. Rfe1 Rae8 15. Qd2 Kh7 16. Rad1 f5 17. c4 1/2-1/2

[Event "Balatonalmadi Pannonia Cup 23th"]
[Site "Balatonalmadi"]
[Date "2018.07.19"]
[Round "3"]
[White "Laihonen, Petteri"]
[Black "Sardy, Peter"]
[Result "0-1"]
[WhiteElo "2180"]
[BlackElo "2326"]
[PlyCount "91"]
[EventDate "2018.07.18"]
[EventType "swiss"]
[EventRounds "7"]
[EventCountry "HUN"]
[SourceTitle "EXT 2025"]
[Source "ChessBase"]
[SourceDate "2024.10.14"]
[SourceVersion "1"]
[SourceVersionDate "2024.10.14"]
[SourceQuality "1"]

1. e4 c5 2. d4 cxd4 3. c3 d3 4. Bxd3 d6 5. c4 g6 6. h3 Bg7 7. Nf3 Nf6 8. 0-0 0-0 9. Nc3 Nc6 10. Be3 b6 11. Rc1 Bb7 12. Bb1 Rc8 13. b3 Rc7 14. Nd5 Rd7 15. Nxf6+ Bxf6 16. Nd4 Qa8 17. Nxc6 Bxc6 18. Bd4 e5 19. Be3 Bxe4 20. Qg4 Bc6 21. f4 exf4 22. Bxf4 Bd4+ 23. Kh1 Bg7 24. b4 Rdd8 25. Rcd1 d5 26. c5 Qc8 27. Qg3 bxc5 28. Bd6 c4 29. b5 Bb7 30. Bc7 Rde8 31. b6 d4 32. Rf2 Re3 33. Qf4 axb6 34. Kg1 Qe6 35. Rdf1 Re1 36. Bc2 Rxf1+ 37. Kxf1 Re8 38. Kg1 b5 39. Bd1 Qe1+ 40. Kh2 Be5 41. Bxe5 Qxe5 42. g3 Qxf4 43. Rxf4 d3 44. Rd4 Re1 45. Rd8+ Kg7 46. Bf3 0-1